00485nam a2200181Ia 4500008004100000020001800041041000800059082002100067082001800088100001600106245005400122250000800176260002500184300000800209365001400217650003500231650003700266140306s9999 xx 000 0 und d a9788131728031 aeng a658.4063bPAU/IN a658.5bPAU/IN aPaul, Trott aInnovation Management and New Product Development a4th aDelhibPearsonc2010 a581 bRs. 450/- aManaging Intellectual Property aStrategic Alliances and Networks